Understanding the minimum support price (Record no. 758917)

MARC details
000 -LEADER
fixed length control field 00371nam a22001337a 4500
020 ## - INTERNATIONAL STANDARD BOOK NUMBER
ISBN 9788197277450
082 ## - DEWEY DECIMAL CLASSIFICATION NUMBER
Classification number 338.1 SIN.L
100 ## - MAIN ENTRY--AUTHOR NAME
Personal name Prathap Singh, Dr Bhanu
245 ## - TITLE STATEMENT
Title Understanding the minimum support price
Sub Title : Issues and challenges /
260 ## - PUBLICATION, DISTRIBUTION, ETC. (IMPRINT)
Place of publication Jaipur :
Name of publisher Yking books ,
Year of publication c2024.
300 ## - PHYSICAL DESCRIPTION
Number of Pages 136 p.
942 ## - ADDED ENTRY ELEMENTS (KOHA)
Source of classification or shelving scheme Dewey Decimal Classification
Koha item type Book
Holdings
Withdrawn status Lost status Source of classification or shelving scheme Damaged status Not for loan Home Library Current Location Shelving location Date acquired Source of acquisition Full call number Accession Number Price effective from Koha item type
    Dewey Decimal Classification     Dept. of Botany Dept. of Botany General Stacks 23/04/2026 Southern Book Star 338.1 SIN.L BOT10978 23/04/2026 Book